• 首页
  • 本馆介绍
  • 公告通知
  • 最新文献
  • 馆藏检索
  • 电子资源
  • 读者导购
  • 参考咨询
  • 我的图书馆
  • 登录
  • 详细信息显示
  • 放入我的书架
  • 预约/预借图书
  • 作者相关作品
  • 分类相关作品
  • 丛书相关作品
  • 出版社相关作品

书目信息

  • 表格格式
  • 工作单格式
  • 卡片格式
题名:
晶体光学
    
 
作者: ;河北轻工业学校 编
分册:  
出版信息:   不详  1983
页数: 120页
开本: 26cm
丛书名:
单 册:
中图分类: P585.1
科图分类:
主题词: 晶体光学--专业学校--教材 , 岩石学
电子资源:
ISBN:
000 00669nam0 2200241 45
001 0179002526
005 20060731104514.35
010    @d不详
091    @a不详
100    @a19950726d1983 em y0chiy0121 ea
101 0  @achi
102    @aCN
105    @ay z 000yy
200 10 @a晶体光学@Ajing ti guang xue@f河北轻工业学校 编@Fhe bei qing gong ye xue xiao bian
210    @c不详@d1983
215    @a120页@d26cm
300    @a中等专业学校试用教材
606    @a晶体光学@x专业学校@x教材
606 0  @a岩石学
690    @aP585.1@v3
711  0 @a河北轻工业学校@Ahe bei qing gong ye xue xiao@4编
801  0 @aCN@bNLC@c20060731
905    @f4@b148668-671@dP585.1@e85
    
    晶体光学/河北轻工业学校 编.-不详,1983
    120页;26cm
    中等专业学校试用教材
    
    ISBN :不详
    
●
相关链接 在E读中查询图书 在五车中查询图书 在当当中查询图书 在豆瓣中查询图书


正题名:晶体光学     索取号:P585.1/85         预约/预借

序号 登录号 条形码 馆藏地/架位号 状态 备注
1 0439114   204391149   密集书库/ [索取号:P585.1/85] 在馆    
唐山师范学院图书馆 欢迎您!
大连网信软件有限公司© 版权所有